00305nam a2200121Ia 4500008004100000100002000041245005300061260002600114300000800140650001300148942000700161999001500168190216s9999||||xx |||||||||||||| ||und|| aBright Singh D 0aImf World Liquidity And The Developing Economies bRochouse & Sonsc1965 a52p aCommerce cBK c8322d8322